| 000 | 01254nam0a2200289 4500 | ||
|---|---|---|---|
| 001 | RU\NLR\bibl\192331 | ||
| 005 | 20260408173905.0 | ||
| 010 |
_a5-288-01684-4 _9500 |
||
| 035 | _a(NLR Aleph) 000188837 | ||
| 090 |
_a1091627 _c1091627 |
||
| 100 | _a20011015d1996 |||y0rusy50 ca | ||
| 101 | 0 | _arus | |
| 102 | _aRU | ||
| 105 | _aa ||||||||| | ||
| 200 | 1 |
_aЕстественные процессы восстановления опустошенных земель _eПолупустынная зона _eУчеб. пособие _fК.М. Петров _gПод ред. проф. В.С. Залетаева _gС.-Петерб. гос. ун-т |
|
| 210 |
_aСПб. _cИзд-во СПбГУ _d1996 |
||
| 215 |
_a218,[1] с. _cил. _d20 |
||
| 320 | _aБиблиогр.: с. 213-217 | ||
| 606 |
_aОпустынивание _xБорьба с ним _jРуководства, пособия и т.п. _3RU\NLR\auth\66798625 _91777332 |
||
| 686 | _aП065.4я73 | ||
| 700 | 1 |
_4070 _8rus _7ca _aПетров _bК. М. _cд-р геогр. наук _f1933- _gКирилл Михайлович _3RU\NLR\auth\773291 _9113295 |
|
| 801 | 0 |
_aRU _bNLR _c20011015 _gPSBO |
|
| 801 | 1 |
_aRU _bNLR _c20011015 |
|
| 830 | _aавт. по кн. | ||
| 942 | _cBOOK | ||
| 980 | _aNB | ||